000 01667nam a22004571 4500
001 20158
003 CZ PrNK
005 20260117142556.0
007 ta
008 020409s1979 xo a e f 000 0 slo
020 _q(Váz.)
040 _aABA001
_bcze
_cABA001
_dABA001
041 1 _aslo
_arus
_ager
_aeng
_afre
_hslo
043 _ae-xo---
072 7 _a615.8
_xFyzioterapie. Psychoterapie. Alternativní lékařství
_2Konspekt
080 _a711.455:615.838
_2MRF
080 _a615.838
_2MRF
080 _a(437.6)
_2MRF
080 _a(036)
_2MRF
080 _a(084.12)
_2MRF
100 1 _aŠípoš, Ján,
_d1924-1992
_4aut
_4edt
245 1 0 _aSlovenské kúpele =
_bSlovackije kurorty = Slowakische Heilbäder = Slovak spas = Les bains slovaques /
_ctext Ján Šípoš ; fotografie Pavol Havran ; [zostavili Ján Šípoš a Ivan J. Kovačevič]
246 3 0 _aSlovackije kurorty
246 3 0 _aSlowakische Heilbäder
246 3 0 _aSlovak spas
246 3 0 _aBains slovaques
250 _a2. preprac. vyd.
260 _aMartin :
_bOsveta,
_c1979
300 _a342 s. :
_bil. (některé barev.) ;
_c28 cm
490 1 _aEdícia fotografických vlastivedných publikácií
546 _aSouběžný slovenský, ruský, německý, anglický a francouzský text
650 0 7 _alázně
_zSlovensko
_2czenas
650 0 7 _alázeňství
_zSlovensko
_2czenas
655 7 _ainformační publikace
_2czenas
655 7 _afotografické publikace
_2czenas
700 1 _aHavran, Pavol,
_d1938-
_4pht
700 1 _aKovačevič, Ivan Július,
_d1909-1979
_4edt
830 0 _aEdícia fotografických vlastivedných publikácií
910 _aABA001
942 _2ddc
_cOLDO
_n0
999 _c20158
_d20158